Luzbel /
Guardado en:
| 主要作者: | |
|---|---|
| 格式: | 圖書 |
| 語言: | Spanish |
| 出版: |
San José, C.R. :
Editorial Costa Rica,
1969.
|
| 叢編: | La propia
|
| 主題: | |
| 標簽: |
添加標簽
沒有標簽, 成為第一個標記此記錄!
|
MARC
| LEADER | 00000nam a22000007a 4500 | ||
|---|---|---|---|
| 008 | 150526s1969 cr aaaa|r|||| 000 f spa d | ||
| 040 | |a CRU CIICLA | ||
| 041 | |a spa | ||
| 082 | |a CR863.4 |b A6966L | ||
| 100 | 1 | |a Arias Páez, Gonzalo | |
| 245 | 1 | 0 | |a Luzbel / |c Gonzalo Arias Páez. |
| 260 | |a San José, C.R. : |b Editorial Costa Rica, |c 1969. | ||
| 300 | |a 127 páginas | ||
| 490 | 1 | |a La propia | |
| 650 | 4 | |9 9 |a LITERATURA COSTARRICENSE |x CUENTOS | |
| 942 | |2 ddc |c BK | ||
| 999 | |c 4183 |d 4183 | ||
